Decision-making in nursing : (Record no. 23793)
[ view plain ]
| 000 -LEADER | |
|---|---|
| fixed length control field | 01524cam a22002775a 4500 |
| 001 - CONTROL NUMBER | |
| control field | 17974555 |
| 005 - DATE AND TIME OF LATEST TRANSACTION | |
| control field | 20201128024108.0 |
| 008 - FIXED-LENGTH DATA ELEMENTS--GENERAL INFORMATION | |
| fixed length control field | 131216t2015 maua frb 001 0 eng d |
| 020 ## - INTERNATIONAL STANDARD BOOK NUMBER | |
| International Standard Book Number | 9781284026177 |
| 040 ## - CATALOGING SOURCE | |
| Original cataloging agency | DNLM/DLC |
| Transcribing agency | DLC |
| Modifying agency | DLC |
| -- | EG-ScBUE |
| Language of cataloging | eng |
| 082 04 - DEWEY DECIMAL CLASSIFICATION NUMBER | |
| Edition number | 22 |
| Classification number | 610.73 |
| Item number | DEC |
| 245 00 - TITLE STATEMENT | |
| Title | Decision-making in nursing : |
| Remainder of title | thoughtful approaches for leadership / |
| Statement of responsibility, etc | edited by Sandra B. Lewenson, Marie Truglio-Londrigan. |
| 250 ## - EDITION STATEMENT | |
| Edition statement | 2nd ed. |
| 260 ## - PUBLICATION, DISTRIBUTION, ETC. (IMPRINT) | |
| Place of publication, distribution, etc | Burlington : |
| Name of publisher, distributor, etc | Jones & Bartlett Learning, |
| Date of publication, distribution, etc | c.2015. |
| 300 ## - PHYSICAL DESCRIPTION | |
| Extent | xxvi, 254 p. : |
| Other physical details | ill. ; |
| Dimensions | 23 cm. |
| 504 ## - BIBLIOGRAPHY, ETC. NOTE | |
| Bibliography, etc | Includes bibliographical references and index. |
| 505 0# - FORMATTED CONTENTS NOTE | |
| Formatted contents note | Know yourself : reflective decision-making -- Looking back : history and decision-making in health care -- Right or wrong : policy, legal and ethical issues and decision-making -- More than prayer : spirituality and decision-making -- Culture and decision making -- Family and decision-making -- Media and decision-making -- Working together : team, group, & coalition decision-making -- Evidence-based decision-making -- Health care costs matter : economics and decision making -- Getting involved : public policy and influencing the outcomes -- Use of technology for decision-making. |
| 650 #7 - SUBJECT ADDED ENTRY--TOPICAL TERM | |
| Topical term or geographic name as entry element | Decision making. |
| Source of heading or term | BUEsh |
| 9 (RLIN) | 12112 |
| 650 #7 - SUBJECT ADDED ENTRY--TOPICAL TERM | |
| Topical term or geographic name as entry element | Nursing Care |
| General subdivision | Methods. |
| Source of heading or term | BUEsh |
| 9 (RLIN) | 28926 |
| 650 #7 - SUBJECT ADDED ENTRY--TOPICAL TERM | |
| Topical term or geographic name as entry element | Leadership. |
| Source of heading or term | BUEsh |
| 9 (RLIN) | 1000 |
| 651 ## - SUBJECT ADDED ENTRY--GEOGRAPHIC NAME | |
| Source of heading or term | BUEsh |
| 653 ## - INDEX TERM--UNCONTROLLED | |
| Resource For college | Nursing |
| Arrived date list | January2017 |
| 700 1# - ADDED ENTRY--PERSONAL NAME | |
| Personal name | Lewenson, Sandra, |
| Relator term | editor. |
| 700 1# - ADDED ENTRY--PERSONAL NAME | |
| Personal name | Truglio-Londrigan, Marie, |
| Relator term | editor. |
| 942 ## - ADDED ENTRY ELEMENTS (KOHA) | |
| Source of classification or shelving scheme | Dewey Decimal Classification |
| Withdrawn status | Item status | Source of classification or shelving scheme | Damaged status | Not for loan | Vendor | Home library | Current library | Shelving location | Date acquired | Source of acquisition | Cost, normal purchase price | Serial Enumeration / chronology | Total Checkouts | Full call number | Barcode | Date last seen | Cost, replacement price | Koha item type | Date last borrowed |
|---|---|---|---|---|---|---|---|---|---|---|---|---|---|---|---|---|---|---|---|
| Dewey Decimal Classification | Academic Bookshop | Central Library | Central Library | First floor | 02/01/2017 | Purchase | 470.00 | 2000074 | 610.73 DEC | 000040706 | 15/07/2025 | 587.50 | Book - Borrowing | ||||||
| Dewey Decimal Classification | Academic Bookshop | Central Library | Central Library | First floor | 02/01/2017 | Purchase | 470.00 | 2000074 | 1 | 610.73 DEC | 000040709 | 15/07/2025 | 587.50 | Book - Borrowing | 20/09/2017 |